|
|
|
|
| LEADER |
00000nam0a2200000 4500 |
| 001 |
328846 |
| 005 |
20231102004113.0 |
| 035 |
|
|
|a (RuTPU)RU\TPU\book\354575
|
| 090 |
|
|
|a 328846
|
| 100 |
|
|
|a 20170227d1916 k y0rusy50 ca
|
| 101 |
0 |
|
|a rus
|
| 102 |
|
|
|a RU
|
| 105 |
|
|
|a a z 001zb
|
| 200 |
1 |
|
|a Материалы для геологии России
|e [сборник]
|h Т. 27
|f Императорское минералогическое общество
|
| 210 |
|
|
|a Петроград
|c Типография К. Биркенфельд
|d 1916
|
| 215 |
|
|
|a I-XLIV; 1-107 с.
|c ил.
|e 1 портрет, 12 таблиц
|
| 320 |
|
|
|a Библиогр. в примеч.
|
| 600 |
|
1 |
|a Чернышёв
|g Феодосий Николаевич
|b Ф. Н.
|c русский геолог
|c палеонтолог
|c академик Петербургской АН
|f 1856-1914
|2 stltpush
|3 (RuTPU)RU\TPU\pers\1370
|
| 606 |
1 |
|
|a Животные ископаемые
|2 stltpush
|3 (RuTPU)RU\TPU\subj\10861
|9 37875
|
| 610 |
1 |
|
|a библиотека М. А. Усова
|
| 610 |
1 |
|
|a верхнекаменноугольная фауна
|
| 610 |
1 |
|
|a Шпицберген
|
| 610 |
1 |
|
|a Земля Короля Оскара
|
| 610 |
1 |
|
|a Земля Гейберга
|
| 675 |
|
|
|a 562/569
|v 4
|
| 712 |
0 |
2 |
|a Императорское минералогическое общество
|
| 801 |
|
1 |
|a RU
|b 63413507
|c 20170227
|
| 801 |
|
2 |
|a RU
|b 63413507
|c 20170315
|g RCR
|
| 942 |
|
|
|c BK
|